Statistics for Top 10 U.S. States by Republican Party Support

Click here to take the quiz!

General Stats

  • This quiz has been taken 24,771 times
    (1,955 since last reset)
  • The average score is 8 of 10

Answer Stats

%State% Correct
24.2Alabama
88%
24.3North Dakota
86%
40.7Wyoming
84%
30.0Idaho
83%
33.6Oklahoma
80%
23.7Kentucky
80%
21.2Tennessee
80%
24.5Arkansas
79%
28.7Utah
78%
30.2West Virginia
70%

Score Distribution

Percentile by Number Answered

Percent of People with Each Score

Your Score History

You have not taken this quiz since the last reset